LEADER 02475nam 2200397Ia 450 001 996387469703316 005 20200824132438.0 035 $a(CKB)4940000000085725 035 $a(EEBO)2240924508 035 $a(OCoLC)ocm42475020e 035 $a(OCoLC)42475020 035 $a(EXLCZ)994940000000085725 100 $a19991002d1687 uy | 101 0 $aeng 135 $aurbn||||a|bb| 200 14$aThe English school-master$b[electronic resource] $eteaching all his scholars, of what age soever, the most easy, short, and perfect order of distinct reading, and true writing our English-tongue, that hath ever yet been known or published by any : and further also, teacheth a direct course, how any unskilful person may easily both understand any hard English words, which they shall in scriptures, sermons, or else-where hear or read, and also be made able to use the same aptly themselves, and generally whatsoever is necessary to be known for the English speech so that he which hath this book only, needeth to buy no other to make him fit from his letters to the grammar school, for an apprentice, or any other private use so far as concerneth English : and therefore it is made not only for children, though the first book be meer childish for them, but also for all other, especially for those that are ignorant in the Latin tongue : in the next page the school-master hangeth forth his table to the vew of all beholders, setting forth some of the chief commodities of his profession ... /$fby Edward Coote .. 205 $aPerused and approved by publick authority, and now the 45 time imprinted /$bwith certain copies to write by, at the end of this book added. 210 $a[London] $cPrinted by R. Roberts for the Company of Stationers$d1687 215 $a[8], 77, [2] p 300 $aColophon has imprint: London : Printed by J.M. for the Company of Stationers, 1687. 300 $aReproduction of original in the University of Illinois (Urbana-Champaign Campus). Library. 330 $aeebo-0167 606 $aReaders (Primary) 606 $aCopybooks$vEarly works to 1800 606 $aEnglish language$yEarly modern, 1500-1700 615 0$aReaders (Primary) 615 0$aCopybooks 615 0$aEnglish language 700 $aCoote$b Edmund$ffl. 1597.$01012997 801 0$bEAE 801 1$bEAE 801 2$bWaOLN 906 $aBOOK 912 $a996387469703316 996 $aThe English school-master$92354066 997 $aUNISA LEADER 02866 am 2200613 n 450 001 9910324040003321 005 20190109 010 $a2-8028-0358-1 024 7 $a10.4000/books.pusl.12558 035 $a(CKB)4100000008283863 035 $a(FrMaCLE)OB-pusl-12558 035 $a(oapen)https://directory.doabooks.org/handle/20.500.12854/53593 035 $a(PPN)236709984 035 $a(EXLCZ)994100000008283863 100 $a20190528j|||||||| ||| 0 101 0 $afre 135 $auu||||||m|||| 181 $ctxt$2rdacontent 182 $cc$2rdamedia 183 $acr$2rdacarrier 200 14$aLes missions des centres publics d?aide sociale $eQuestions d?actualité /$fGuy Benoît, Henry Funck, Pierre Jadoul 210 $aBruxelles $cPresses de l?Université Saint-Louis$d2019 215 $a1 online resource (198 p.) 311 $a2-8028-0111-2 330 $a1974 : le minimex? 1976 : l'aide sociale? 1993 : le programme d'urgence pour une société plus solidaire? 1995 : le rapport général sur la pauvreté? Il a semblé nécessaire de faire le point de l'évolution légale, réglementaire et jurisprudentielle quant aux missions des CPAS, au début d'une nouvelle législature tant pour les conseils de l'aide sociale que pour les Parlements et Gouvernements. Une place privilégiée a en outre été réservée au débat entre les praticiens du droit et les praticiens du ?terrain?, pour confronter les règles et principes juridiques à la réalité quotidienne. Chaque thème a dès lors été abordé soit par deux orateurs provenant de milieux professionnels différents, soit par un exposé juridique suivi d'une intervention privilégiée faite par un travailleur social. 517 $amissions des centres publics d?aide sociale 606 $aPublic welfare$xLaw and legislation$zBelgium 610 $aquotidien 610 $aévolution légale 610 $ajurisprudence 610 $aaide sociale 610 $atravailleur 610 $aterrain 615 0$aPublic welfare$xLaw and legislation 700 $aCarlier$b Jean-Yves$0304641 701 $aFunck$b Henri 701 $aFunck$b Jean-François 701 $aGobert$b Dominique$01306943 701 $aJadoul$b Pierre$01232531 701 $aLefebvre$b Luc$01306944 701 $aLinchamps$b Jean-Louis$01306945 701 $aMeert$b Marc$01306946 701 $aVan Brien$b Lut$01306947 701 $aVan Ruymbeke$b Martine$01306948 701 $aVersailles$b Philippe$01306949 701 $aWarichet$b Marie-Rose$01306950 701 $aBenoît$b Guy$0262977 701 $aFunck$b Henry$01233646 701 $aJadoul$b Pierre$01232531 801 0$bFR-FrMaCLE 906 $aBOOK 912 $a9910324040003321 996 $aLes missions des centres publics d?aide sociale$93028635 997 $aUNINA